000
00261nam a2200097Ia 4500
005
20251222114349.0
008
251222s1900||||xx |||||||||||||| ||spa||
082
_a
DVD0040/C87/2007/Ej.2
245
0
_a
El mundo mágico de terabithia:Bridge to terabithia
942
_c
DVD
999
_c
1182
_d
1182